| 000 | 00426nam a22001697a 4500 | ||
|---|---|---|---|
| 003 | NUST - PNEC | ||
| 005 | 20170116180901.0 | ||
| 008 | 150901b xxu||||| |||| 00| 0 eng d | ||
| 020 | _a- | ||
| 040 | _cLIBRARY | ||
| 082 | _a620.0028 HOL | ||
| 100 |
_96332 _aHolman, J. P. |
||
| 245 |
_aExperimental methods for engineers _cJ. P. Holman |
||
| 260 | _cc1966 | ||
| 650 |
_96337 _aMechanical Engineering _xME |
||
| 942 |
_2ddc _cBK |
||
| 999 |
_c64965 _d64965 |
||